000 00908nam a2200217Ia 4500
999 _c37584
_d37584
001 3555
003 GE_BSU
005 20190620143646.0
008 181216s1995||||ge |||||||||||||| ||geo||
040 _cGE_BSU
041 _ageo
080 _a577 ა–48
100 _aალექსიძე, ნუგზარ
_92610
245 _aბიოქიმია : კითხვები და პასუხები :
_bდამხმ. სახელმძღვ. /
_cნუგზარ ალექსიძე; რედ.: ა. შალაშვილი, დ. მიქელაძე.
264 _aთბილისი,
_c1995.
300 _a94 გვ. ;
_b15 სმ.
653 _aბიოქიმია.
700 _aშალაშვილი, ა.
_eრედაქტორი
_92609
700 _aმიქელაძე, დ.
_eრედაქტორი
_92654
942 _cBK
_2udc